| 000 | 00346nam a2200121Ia 4500 | ||
|---|---|---|---|
| 008 | 210430s9999 xx 000 0 und d | ||
| 082 | _a660 A2861I | ||
| 100 |
_aIsrar Ahmed _955027 |
||
| 245 |
_aInfluence of amphiphilic plasticizer on thermoplastic strach films _cIsrar Ahmed |
||
| 260 |
_aIslamabad _c2016 |
||
| 300 | _a63p. | ||
| 942 |
_cREF _2ddc |
||
| 999 |
_c565999 _d565999 |
||